Pedagogía /
Guardado en:
| Autor Principal: | |
|---|---|
| Otros Autores: | , |
| Formato: | Libro |
| Publicado: |
Madrid :
Akal,
1983
|
| Series: | Bolsillo; No. 110
|
| Materias: | |
| Etiquetas: |
Agregar Etiqueta
Sin Etiquetas, Sea el primero en etiquetar este registro!
|
| LEADER | 00641nam a22002175a 4500 | ||
|---|---|---|---|
| 001 | CEM.cems009255 | ||
| 005 | 20090408110759.0 | ||
| 008 | 130507s1983##################000#0#####d | ||
| 003 | CEMS | ||
| 020 | |a 8476007868 | ||
| 082 | 0 | 4 | |a 371 |
| 100 | 1 | |a Kant, Innmanuel | |
| 245 | 1 | 0 | |a Pedagogía / |c Innmanuel Kant ; traducción de Lorenzo Luzuriaga y José Luis Pascual |
| 260 | |a Madrid : |b Akal, |c 1983 | ||
| 300 | |a 113 p. | ||
| 490 | 0 | |a Bolsillo; No. 110 | |
| 653 | |a Educación | ||
| 653 | |a Pedagogía | ||
| 700 | 1 | |a Luzuriaga, Lorenzo, trad. | |
| 700 | 1 | |a Pascual, José Luis, pról. | |
| 859 | |a CEMS |b BIB. CEMS - 11 de abril |h 371 |i K136 |p 18900.96 |t Ej.1 | ||
